| 000 | 00691nam a22002177a 4500 | ||
|---|---|---|---|
| 999 |
_c9413 _d9413 |
||
| 003 | AR-CdUCM | ||
| 008 | 190328b ||||| |||| 00| 0 spa d | ||
| 020 | _a978-968-16-5114-5 | ||
| 040 |
_aMUNICIPALIDAD PROVINCIAL DEL CUSCO _cBIBLIOTECA MUNICIPAL DEL CUSCO |
||
| 082 |
_aSI-0073 / _bALL / mis |
||
| 100 |
_aVan Allsburg, Chris _925037 |
||
| 245 | _aLos misterios del señor Burdick / | ||
| 260 |
_aMéxico : _bFondo de Cultura Económica, _c2014. |
||
| 300 |
_bIlustraciones. _c28.5 cm. |
||
| 500 | _aPáginas sin numeración. | ||
| 650 |
_aCuentos Infantiles _93830 |
||
| 650 |
_aSiglo XXI _92856 |
||
| 700 |
_aSmith, Odette (traductor) _925586 |
||
| 942 |
_2ddc _cLIBROS |
||
| 945 | _aafb | ||